| 000 | 00367 a2200157 4500 | ||
|---|---|---|---|
| 001 | 154003 | ||
| 040 | _cEscola São Tomás de Aquino | ||
| 100 | _aVIANA, Maria José Braga | ||
| 240 | 1 | 0 |
_aEducação e conhecimento _lpor |
| 245 | 1 | 0 | _aEducação e conhecimento |
| 300 | _a200 | ||
| 362 | 0 | _a2002 | |
| 440 | 1 | _aUna Editoria | |
| 697 | _aEducação | ||
| 942 | _cBK | ||
| 999 |
_c154003 _d154003 |
||